University Home | Library Home | Institutional Repository

Report on the National Archives for the period April, 1978, to March 1979. (Record no. 58090)

MARC details
000 -LEADER
fixed length control field 00590cam2a220019300 4500
001 - CONTROL NUMBER
control field tmp15784799
003 - CONTROL NUMBER IDENTIFIER
control field UPRA
005 - DATE AND TIME OF LATEST TRANSACTION
control field 20190815093418.0
008 - FIXED-LENGTH DATA ELEMENTS--GENERAL INFORMATION
fixed length control field 951027s1979 bs f eng u
035 ## - SYSTEM CONTROL NUMBER
System control number (Sirsi) r75986
035 ## - SYSTEM CONTROL NUMBER
System control number (UPRA)tmp15784799
040 ## - CATALOGING SOURCE
Transcribing agency UPRA
100 1# - MAIN ENTRY--PERSONAL NAME
Titles and words associated with a name Mrs.
Linkage A36221.1
245 10 - TITLE STATEMENT
Title Report on the National Archives for the period April, 1978, to March 1979.
260 ## - PUBLICATION, DISTRIBUTION, ETC.
Place of publication, distribution, etc. Gaborone :
Name of publisher, distributor, etc. Ministry of Home Affairs,
Date of publication, distribution, etc. 1979.
650 #0 - SUBJECT ADDED ENTRY--TOPICAL TERM
Topical term or geographic name entry element Archives -- Botswana.
Geographic subdivision Archives -- Botswana.
Linkage S28343.1
949 ## - LOCAL PROCESSING INFORMATION (OCLC)
a (O2)1978/4
w lcc
m MAIN
t BOOK
l ON-SHELF

No items available.

© 2026 - The University of Zambia Library - Koha v25.11